Состояние и пути исследования взаимодействия в системе вода-порода; Проблемы гидрогеохимии и промышленные рассолы

Detalles Bibliográficos
Parent link:Проблемы гидрогеохимии и промышленные рассолы.— 1983.— С. 35-47
Autor Principal: Шварцев С. Л. Степан Львович
Outros autores: Вовк И. Ф., Зверев В. П., Лисицин А. К.
Idioma:ruso
Publicado: 1983
Subjects:
Formato: Capítulo de libro
KOHA link:https://koha.lib.tpu.ru/cgi-bin/koha/opac-detail.pl?biblionumber=150062

MARC

LEADER 00000naa2a2200000 4500
001 150062
005 20231031150105.0
035 |a (RuTPU)RU\TPU\book\162673 
090 |a 150062 
100 |a 20081224d1983 k y0rusy50 ca 
101 0 |a rus 
102 |a RU 
200 1 |a Состояние и пути исследования взаимодействия в системе вода-порода  |f С. Л. Шварцев [и др.] 
320 |a Библиогр.:с. 46-47 (26 назв.) 
463 0 |0 (RuTPU)RU\TPU\book\162440  |t Проблемы гидрогеохимии и промышленные рассолы  |f Академия наук Белорусской ССР (АН БССР), Институт геохимии и геофизики  |v С. 35-47  |d 1983  |p 119 с. 
610 1 |a труды учёных ТПУ 
700 1 |a Шварцев  |b С. Л.  |c российский гидрогеолог, доктор геолого-минералогических наук  |c профессор Томского политехнического университета, академик РАЕН  |f 1936-  |g Степан Львович  |2 stltpush  |3 (RuTPU)RU\TPU\pers\25914 
701 1 |a Вовк  |b И. Ф. 
701 1 |a Зверев  |b В. П. 
701 1 |a Лисицин  |b А. К. 
801 1 |a RU  |b 63413507  |c 20081224  |g PSBO 
801 2 |a RU  |b 63413507  |c 20100415  |g PSBO 
942 |c BK